Lanean...
Post - Colonial Translation : Theory and Practice
| Beste egile batzuk: | |
|---|---|
| Formatua: | Printed Book |
| Argitaratua: |
London
Routledge
1999
|
| Gaiak: |
| LEADER | 00526nam a2200181 4500 | ||
|---|---|---|---|
| 020 | |||
| 082 | |a 418.02 BAS | ||
| 100 | |||
| 245 | |a Post - Colonial Translation : Theory and Practice |h English | ||
| 250 | |||
| 260 | |a London |b Routledge |c 1999 | ||
| 300 | |a 201 P |b PB |f Book | ||
| 500 | |||
| 650 | |a Post Colonial Translation | ||
| 700 | |a Bassnett, Susan |e Editor | ||
| 942 | |c TB | ||
| 999 | |c 268295 |d 268295 | ||
| 952 | |0 0 |1 0 |4 0 |6 418_020000000000000_BAS |7 0 |9 285016 |a LIN |b LIN |d 2007-07-05 |l 0 |o 418.02 BAS |p LIN8555 |r 2020-02-06 |w 2020-02-06 |y TB | ||